Séries TV par images d'antagonistes - Statistiques

Statistiques générales
  • Ce quiz a été pris 858 fois
  • Le résultat moyen est 9 sur 20
Statistiques - réponses
Par images Réponse % Correct
Squid Game
98%
Prison Break
81%
The Walking Dead
79%
Stranger Things
78%
La casa de papel
72%
Narcos
72%
Game of Thrones
70%
Breaking Bad
58%
The Boys
54%
La Petite Maison dans la prairie
48%
Once Upon A Time
44%
Buffy contre les vampires
37%
American Horror Story
27%
Dallas
23%
Lost
22%
Gotham
21%
Daredevil
17%
Doctor Who
16%
Le Seigneur des anneaux : Les Anneaux de pouvoir
13%
Heroes
11%
Aucun quiz correspondant
Distribution des résultats
% des personnes avec chaque résultat
Percentile par nombre de réponses
Votre historique - résultats
Vous n’avez pas pris ce quiz